000 00362nam a2200121Ia 4500
005 20251222144801.0
008 251222s9999||||xx |||||||||||||| ||spa||
082 _a363.728.5/C14C
100 _aCáceres Loyola, Oswaldo
245 0 _aPlan de Gestión para el Manejo Integral de los Residuos Sólidos del Distrito de Comas:
264 _bAlternativa
942 _cLIB
999 _c19736
_d19736